| 000 -LEADER |
| fixed length control field |
00345nam a2200145Ia 4500 |
| 001 - CONTROL NUMBER |
| control field |
23397 |
| 003 - CONTROL NUMBER IDENTIFIER |
| control field |
GE_BSU |
| 008 - FIXED-LENGTH DATA ELEMENTS--GENERAL INFORMATION |
| fixed length control field |
181216s||||||||xx |||||||||||||| ||und|| |
| 040 ## - CATALOGING SOURCE |
| Transcribing agency |
GE_BSU |
| 245 #4 - TITLE STATEMENT |
| Title |
The Economist.№9106.2018. |
| 245 ## - TITLE STATEMENT |
| Remainder of title |
19TH-25TH |
| 653 ## - INDEX TERM--UNCONTROLLED |
| Uncontrolled term |
The Economist №9106.2018. |
| 653 ## - INDEX TERM--UNCONTROLLED |
| Uncontrolled term |
პერიოდიკა |
| 942 ## - ADDED ENTRY ELEMENTS (KOHA) |
| Koha item type |
პერიოდიკა |